skbl

Dr Suryya Kumar Bhuyan Library Web-OPAC
ডঃ সূৰ্য্য
কুমাৰ ভূঞা পুথিভঁৰাল ৱেব-অ'পেক

All Research Scholars are advised to clear the annual library fees to continue using Library Resources, Remote Access, Plagiarism Test and Library Clearance.

Cotton University Book Fair 2026

Sociology of economic development (Record no. 61820)

MARC details
000 -LEADER
fixed length control field 00522nam a2200181Ia 4500
001 - CONTROL NUMBER
control field 60692
008 - FIXED-LENGTH DATA ELEMENTS--GENERAL INFORMATION
fixed length control field 080101n2016 ii |||gr||||Z||||||465
020 ## - INTERNATIONAL STANDARD BOOK NUMBER
International Standard Book Number 9789385839030
082 ## - DEWEY DECIMAL CLASSIFICATION NUMBER
Classification number 301.24
100 ## - MAIN ENTRY--PERSONAL NAME
Personal name Barthakur, B. N.,
Relator term Author .,
245 #0 - TITLE STATEMENT
Title Sociology of economic development
Statement of responsibility, etc. by B N Barthakur
Medium Textual Documents
250 ## - EDITION STATEMENT
Edition statement 2nd rev and enlrd ed.
260 ## - PUBLICATION, DISTRIBUTION, ETC.
Place of publication, distribution, etc. Gauhati
Name of publisher, distributor, etc. DVS Publishers
Date of publication, distribution, etc. 2016
300 ## - PHYSICAL DESCRIPTION
Extent 236pg:
Dimensions 23cm.
653 ## - INDEX TERM--UNCONTROLLED
Uncontrolled term NE section
653 ## - INDEX TERM--UNCONTROLLED
Uncontrolled term Sociology, Economic development
942 ## - ADDED ENTRY ELEMENTS (KOHA)
Source of classification or shelving scheme Dewey Decimal Classification
Koha item type Books
Holdings
Withdrawn status Lost status Damaged status Not for loan Collection Home library Current library Shelving location Date acquired Coded location qualifier Total checkouts Full call number Barcode Date last seen Copy number Price effective from Koha item type
          Dr. Suryya Kumar Bhuyan Library Dr. Suryya Kumar Bhuyan Library   01/01/2008 00000   301.24 Bo 648 So 434/Lib 14/01/2024 1 01/01/2008 Books

Designed and Maintained by Team SKBL
©1901-2026

Powered by Koha